| 000 | 00609nam a2200193Ia 4500 | ||
|---|---|---|---|
| 003 | GCL | ||
| 008 | 140319s9999 xx 000 0 ara d | ||
| 040 |
_aGCL / _cGCL |
||
| 082 | 0 | 4 |
_a658 _bع ن |
| 100 | 1 | _aعمر وصفى عقيلى | |
| 245 | 1 | 0 |
_aنظرية المنظمة المنظمة ونظرية التنظيم / _cعمر وصفى عقيلى |
| 250 | _aالاولى | ||
| 260 |
_aالقاهرة : _bدار زهران ، _c1993 |
||
| 300 |
_a288 ص ؛ _c24 سم |
||
| 650 | 0 | 4 | _aادارة الاعمال |
| 650 | 0 | 4 | _aالتنظيم |
| 650 | 0 | 4 | _aالمنظمات الدولية |
| 942 |
_2ddc _cBK |
||
| 999 |
_c5518 _d5518 |
||